000 00971nam a2200265Ia 4500
003 OSt
005 20221005103231.0
006 a|||||r|||| 00| 0
007 ta
008 221004b |||||||| |||| 00| 0 hin d
024 _a32651
037 _cTextual
040 _aCRL
_cCRL
_bhin
041 _2hin
_ahin
082 _aO152:gxN5, K0
100 _aचतुर्वेदी, रामस्वरूप
245 0 _aहिन्दी नवलेखन
246 _aHindī navalekhana
260 _aकाशी
_bभारतीय ज्ञानपीठ भारत
_c1960
300 _a248पृ.
_ccm.
490 _aज्ञानपीठ लोकोदय-ग्रंथमाला हिन्दी-ग्रंथांक; 129
650 _aहिन्दी साहित्य
942 _hO152:gxN5, K0
_cTEXL
_2cc
999 _c1009651
_d1009651